The decision book: (Record no. 364704)
[ view plain ]
| 000 -LEADER | |
|---|---|
| fixed length control field | 00678nam a22001937a 4500 |
| 003 - CONTROL NUMBER IDENTIFIER | |
| control field | 1 |
| 005 - DATE AND TIME OF LATEST TRANSACTION | |
| control field | 20220302142423.0 |
| 008 - FIXED-LENGTH DATA ELEMENTS--GENERAL INFORMATION | |
| fixed length control field | 220302b xxu||||| |||| 00| 0 eng d |
| 020 ## - INTERNATIONAL STANDARD BOOK NUMBER | |
| International Standard Book Number | 978-0-393-65237-6 |
| 050 ## - LIBRARY OF CONGRESS CALL NUMBER | |
| Classification number | BF448 |
| Item number | .K7613 2018 |
| 100 ## - MAIN ENTRY--PERSONAL NAME | |
| Personal name | Krogerus, Mikael. Tschappeler,Roman. |
| 245 ## - TITLE STATEMENT | |
| Title | The decision book: |
| Remainder of title | fifty models for strategic thinking: |
| Statement of responsibility, etc | Mikael Krogerus, Roma Tschappeler; translated byJenny Piening. |
| 250 ## - EDITION STATEMENT | |
| Edition statement | new, fully revised ed. |
| 260 ## - PUBLICATION, DISTRIBUTION, ETC. (IMPRINT) | |
| Place of publication, distribution, etc | New York: |
| Name of publisher, distributor, etc | W.W. Norton & Company. |
| Date of publication, distribution, etc | c201/8 |
| 300 ## - PHYSICAL DESCRIPTION | |
| Extent | 174 pp. |
| Dimensions | 17 cm. |
| Accompanying material | Includes bibliographic references and index. |
| 500 ## - GENERAL NOTE | |
| General note | Decision making. |
| 500 ## - GENERAL NOTE | |
| General note | Critical thinking |
| 942 ## - ADDED ENTRY ELEMENTS (KOHA) | |
| Source of classification or shelving scheme | Library of Congress Classification |
| Koha item type | Books |
| Withdrawn status | Lost status | Source of classification or shelving scheme | Damaged status | Home library | Current library | Shelving location | Date acquired | Source of acquisition | Sub Shelving location | Total Checkouts | Full call number | Barcode | Date last seen | Copy number | Price effective from | Koha item type |
|---|---|---|---|---|---|---|---|---|---|---|---|---|---|---|---|---|
| Library of Congress Classification | Luxembourg Library | Luxembourg Library | Genevive Ledesma - Tan Section | 03/02/2022 | Donation | BF448 .K7613 2018 | 21002 | 03/02/2022 | 1 | 03/02/2022 | Books |